Tous les pays d'asie et d'océanie (Ordre Alphabétique) - Statistiques

Statistiques générales
  • Ce quiz a été pris 168 fois
    138 depuis la dernière actualisation
  • Le résultat moyen est 45 sur 63
Statistiques - réponses
Réponse % Correct
Chine
90%
Australie
89%
Inde
88%
Corée du nord
85%
Corée du sud
85%
Japon
85%
Afghanistan
81%
Indonésie
81%
Cambodge
80%
Mongolie
80%
Nouvelle-Zélande
80%
Arménie
79%
Vietnam
79%
Azerbaïdjan
78%
Irak
78%
Laos
78%
Arabie Saoudite
77%
Iran
77%
Israël
77%
Kazakhstan
76%
Thaïlande
76%
Turkménistan
76%
Bangladesh
75%
Ouzbékistan
75%
Pakistan
74%
Taïwan
74%
Yémen
74%
Singapour
73%
Sri Lanka
73%
Bhoutan
72%
Géorgie
72%
Jordanie
72%
Liban
72%
Népal
72%
Oman
72%
Syrie
72%
Kirghizistan
71%
Malaisie
71%
Papouasie-Nouvelle-Guinée
71%
Birmanie
70%
Fidji
70%
Philippines
70%
Turquie
70%
Bahreïn
68%
Qatar
68%
Tadjikistan
68%
Brunei
67%
Koweït
67%
Îles Marshall
66%
Tuvalu
66%
Émirats arabes unis
63%
Kiribati
60%
Tonga
60%
Maldives
59%
Micronésie
59%
Palaos
59%
Russie
59%
Samoa
59%
Timor oriental
59%
Vanuatu
59%
Salomon
57%
Chypre
56%
Nauru
56%
Aucun quiz correspondant
Distribution des résultats
% des personnes avec chaque résultat
Percentile par nombre de réponses
Votre historique - résultats
Vous n’avez pas pris ce quiz depuis la dernière actualisation